000 00275nam a2200097Ia 4500
001 802847
005 20250826171104.0
008 250824s9999 xx 000 0 und d
245 0 _aUZAY MACERALARI ACAYİP YARIŞMALAR DİYARI
_cNAZLI ASPAY SENER
260 _bGENÇ HAYAT YAYINLARI
999 _c802847
_d802847